000
00480nam a2200181Ia 4500
008
090124s9999 xx 000 0 und d
082
_b
18243
100
_a
कदम बाबा
245
_a
प्रलय
250
_a
0
260
_b
विद्यार्थी प्रकाशन
_c
1974
300
_a
301
600
_a
कदम बाबा
630
_a
प्रलय
700
_a
कदम बाबा
730
_a
प्रलय
942
_c
BOOK
999
_c
89802
_d
89802